El pensamiento político-social del Dr. Víctor Sanabria Martínez II obispo de San José

Gardado en:
Detalles Bibliográficos
Autor Principal: Arrieta Quesada, Santiago
Formato: Libro
Idioma:Spanish
Publicado: San José, Costa Rica Universidad de Costa Rica, Escuela de Filosofía 1976
Materias:
Etiquetas: Engadir etiqueta
Sen Etiquetas, Sexa o primeiro en etiquetar este rexistro!

MARC

LEADER 00000nam a2200000Ia 4500
008 170316s9999 xx 000 0 spa d
999 |c 13845  |d 13845 
040 |a cru BVZT 
090 |a TESIS 230 T. I 
100 |a Arrieta Quesada, Santiago 
245 |a El pensamiento político-social del Dr. Víctor Sanabria Martínez II obispo de San José 
260 |a San José, Costa Rica  |b Universidad de Costa Rica, Escuela de Filosofía  |c 1976 
300 |a 172 páginas. Tomo I 
650 |a LICENCIATURA EN FILOSOFÍA 
650 |a TRABAJO FINAL DE GRADUACIÓN  |9 237 
942 |c TFG  |h TESIS 230 T. I  |2 z